| 000 | 00722cam a22002297a 4500 | ||
|---|---|---|---|
| 020 | _a9789251076569 | ||
| 020 | _a9251076561 | ||
| 040 | _cUAB | ||
| 082 | 0 | 4 | _a636 FAO 2013 A028 Or. |
| 100 | 1 | _aCowie, Richard A. | |
| 245 | 1 | 0 | _aQuality assurance for microbiology in feed analysis laboratories / |
| 260 |
_aRome : _bFood and Agriculture Organization of the United Nations, _c2013. |
||
| 300 |
_avii, 196 p. : _bill. ; _c25 cm. |
||
| 490 | 1 | _aFAO animal production and health manual, | |
| 650 | 0 | _aFeeds | |
| 650 | 0 | _aFeeds | |
| 650 | 0 | _aAnimal nutrition. | |
| 650 | 0 | _aAnimal feeding. | |
| 700 | 1 | _aMakkar, Harinder P. S. | |
| 710 | 2 | _aFood and Agriculture Organization of the United Nations. | |
| 942 | _cAEDBB | ||
| 999 |
_c20906 _d20906 |
||